Trade, environment, and the millennium / (Record no. 446)
[ view plain ]
| 000 -LEADER | |
|---|---|
| fixed length control field | 00672nam a22002177a 4500 |
| 005 - DATE AND TIME OF LATEST TRANSACTION | |
| control field | 20140517061920.0 |
| 008 - FIXED-LENGTH DATA ELEMENTS--GENERAL INFORMATION | |
| fixed length control field | 011113s2002 ja b i001 0 eng |
| 020 ## - INTERNATIONAL STANDARD BOOK NUMBER | |
| International Standard Book Number | 9280810642 |
| 024 #0 - OTHER STANDARD IDENTIFIER | |
| Terms of availability | eng |
| 080 ## - UNIVERSAL DECIMAL CLASSIFICATION NUMBER | |
| Universal Decimal Classification number | 339.5 |
| 245 00 - TITLE STATEMENT | |
| Title | Trade, environment, and the millennium / |
| Statement of responsibility, etc | edited by Gary P. Sampson and W. Bradnee Chambers. |
| 250 ## - | |
| -- | 2nd ed. |
| 260 ## - | |
| -- | Tokyo ; |
| -- | New York : |
| -- | United Nations University Press, |
| -- | 2002. |
| 300 ## - | |
| -- | 450 f. ; |
| -- | 23 cm. |
| 504 ## - BIBLIOGRAPHY, ETC. NOTE | |
| Bibliography, etc | Includes bibliographical references and index. f. 400-450 |
| 650 #0 - | |
| -- | Tregtia Ndërkombëtare |
| 700 1# - | |
| -- | Sampson, Gary P. |
| 700 1# - | |
| -- | Chambers, W. Bradnee. |
| 942 ## - ADDED ENTRY ELEMENTS (KOHA) | |
| Source of classification or shelving scheme | |
| Item type | Books |
| Withdrawn status | Lost status | Source of classification or shelving scheme | Damaged status | Not for loan | Collection code | Permanent location | Current location | Shelving location | Date acquired | Total Checkouts | Full call number | Barcode | Date last seen | Koha item type | Price effective from |
|---|---|---|---|---|---|---|---|---|---|---|---|---|---|---|---|
| Koleksioni i përgjithshem | UBT - Ferizaj | UBT - Ferizaj | Koleksioni i përgjithshem | 05/17/2014 | 339.5 TRA | 003000381 | 05/17/2014 | Books | |||||||
| Koleksioni i përgjithshem | UBT - Ferizaj | UBT - Ferizaj | Koleksioni i përgjithshem | 05/17/2014 | 339.5 TRA | 003000382 | 05/17/2014 | Books | |||||||
| Koleksioni i përgjithshem | UBT - Ferizaj | UBT - Ferizaj | Koleksioni i përgjithshem | 05/17/2014 | 339.5 TRA | 003000383 | 05/17/2014 | Books | |||||||
| Koleksioni i përgjithshem | UBT - Ferizaj | UBT - Ferizaj | Koleksioni i përgjithshem | 05/17/2014 | 339.5 TRA | 003000384 | 05/17/2014 | Books | |||||||
| Koleksioni i përgjithshem | UBT - Ferizaj | UBT - Ferizaj | Koleksioni i përgjithshem | 05/17/2014 | 339.5 TRA | 003000385 | 05/17/2014 | Books | |||||||
| Koleksioni i përgjithshem | UBT - Ferizaj | UBT - Ferizaj | Koleksioni i përgjithshem | 05/17/2014 | 339.5 TRA | 003000386 | 05/17/2014 | Books | |||||||
| Koleksioni i përgjithshem | UBT - Ferizaj | UBT - Ferizaj | Koleksioni i përgjithshem | 05/17/2014 | 339.5 TRA | 003000387 | 05/17/2014 | Books | |||||||
| Koleksioni i përgjithshem | UBT - Ferizaj | UBT - Ferizaj | Koleksioni i përgjithshem | 05/17/2014 | 339.5 TRA | 003000388 | 05/17/2014 | Books | |||||||
| Koleksioni i përgjithshem | UBT - Ferizaj | UBT - Ferizaj | Koleksioni i përgjithshem | 05/17/2014 | 339.5 TRA | 003000389 | 05/17/2014 | Books | |||||||
| Koleksioni i përgjithshem | UBT - Ferizaj | UBT - Ferizaj | Koleksioni i përgjithshem | 05/17/2014 | 339.5 TRA | 003000390 | 05/17/2014 | Books | |||||||
| Koleksioni i përgjithshem | UBT - Prishtine | UBT - Prishtine | Koleksioni i përgjithshem | 06/01/2015 | 339 SAM | 06/01/2015 | Books | 06/01/2015 |